1121 1248 1334 1042 1472 1056 1349 1081 1929 1885 1516 1207 1259 1605 1735 1787 1608 1398 1759 1105 1694 1924 1183 1666 1434 1256 1223 1674 1285 1676 1665 1876 1499 1216 1714 1488 1484 1451 1417 1778 1666 1800 1498 1372 1752 1803 1511 1691 1952 1267 1229 1072 1167 1379 1640 1434 1192 1195 1707 1474 1615 1876 1956 1135 1474 1572 1158 1416 1168 1910 1953 1113 1578 1835 1876 1743 1585 1617 1185 1448 1156 1363 1665 1641 1574 1641 1895 1671 1064 1756 1815 1431 1117 1941 1802 1963 1408 1272 1104 BCNSPRNW ULIB Ver.6.0+V

เปลี่ยนเป็นภาษาไทย

Change to English
 แสดงรายละเอียดบรรณานุกรม
  กลับหน้าหลัก

Brief Record : Get Marc (ISO 2709) : E-mail record : QR code < ปิดหน้าต่าง
LEADER : 00000nam 2200000uu 4500
001    13399122322
003     ULIB
008    130212s2555||||th 000 0 tha d
020    ^a9786163059499
060  4 ^aWJ140^bจ344ร
100 0  ^aจำนงค์ นพรัตน์
245 00 ^aระบบขับถ่ายปัสสาวะ :^bการตรวจปัสสาวะ /^cจำนงค์ นพรัตน์
250    ^aพิมพ์ครั้งที่ 1
260    ^aสงขลา :^bหน่วยผลิตตำรา คณะแพทยศาสตร์ มหาวิทยาลัยสงขลานครินทร์,^c2555
300    ^a197 หน้า :^bภาพประกอบสี
650  7 ^aระบบปัสสาวะและอวัยวะสืบพันธุ์
650  7 ^aปัสสาวะ^xการตรวจ
710 1  ^aมหาวิทยาลัยสงขลานครินทร์.^bคณะแพทยศาสตร์.
945    ^p340^l0^i033549
945    ^p340^l0^i033550
945    ^p340^l0^i033551
945    ^p340^l0^i033552
945    ^p340^l0^i033553
945    ^p340^l0^i033554
945    ^p340^l0^i033555
945    ^p340^l0^i033768
945    ^p340^l0^i033769
945    ^p340^l0^i033770
995    ^a เกษร
999    ^aเกษร โพธิ์สุวรรณ
รายการนี้ยังไม่มีแท็ก
คุณยังไม่ได้ล็อกอิน คุณสามารถมีกิจกรรมร่วมกับเว็บไซต์ได้ แต่ต้องล็อกอินก่อน ::
  ล็อกอิน

รายการสื่อสารสนเทศ

ลำดับที่ ประเภท เลขเรียก/บาร์โค้ด สถานที่ สถานะ
1. วิทยาศาสตร์การแพทย์ และสุขภาพ
หนังสือสำรอง
สถานะ=หนังสือสำรอง
WJ140 จ344ร ฉ.1 
  Barcode: 033549
ห้องสมุดวิทยาเขตสวรรค์ประชารักษ์
►หนังสือทั่วไป
ถูกยืม กำหนดส่งวันที่ 28 กันยายน 2567
  จอง
2. วิทยาศาสตร์การแพทย์ และสุขภาพ
วิทยาศาสตร์การแพทย์ และสุขภาพ
WJ140 จ344ร ฉ.10 
  Barcode: 033770
ห้องสมุดวิทยาเขตสวรรค์ประชารักษ์
►ส่วนจัดเก็บหนังสือเก่า สปร
บนชั้น
  ขอยืม
3. วิทยาศาสตร์การแพทย์ และสุขภาพ
วิทยาศาสตร์การแพทย์ และสุขภาพ
WJ140 จ344ร ฉ.2 
  Barcode: 033550
ห้องสมุดวิทยาเขตสวรรค์ประชารักษ์
►ส่วนจัดเก็บหนังสือเก่า สปร
บนชั้น
  ขอยืม
4. วิทยาศาสตร์การแพทย์ และสุขภาพ
วิทยาศาสตร์การแพทย์ และสุขภาพ
WJ140 จ344ร ฉ.3 
  Barcode: 033551
ห้องสมุดวิทยาเขตสวรรค์ประชารักษ์
►ส่วนจัดเก็บหนังสือเก่า สปร
บนชั้น
  ขอยืม
5. วิทยาศาสตร์การแพทย์ และสุขภาพ
วิทยาศาสตร์การแพทย์ และสุขภาพ
WJ140 จ344ร ฉ.4 
  Barcode: 033552
ห้องสมุดวิทยาเขตสวรรค์ประชารักษ์
►ส่วนจัดเก็บหนังสือเก่า สปร
บนชั้น
  ขอยืม
6. วิทยาศาสตร์การแพทย์ และสุขภาพ
วิทยาศาสตร์การแพทย์ และสุขภาพ
WJ140 จ344ร ฉ.5 
  Barcode: 033553
ห้องสมุดวิทยาเขตสวรรค์ประชารักษ์
►ส่วนจัดเก็บหนังสือเก่า สปร
บนชั้น
  ขอยืม
7. วิทยาศาสตร์การแพทย์ และสุขภาพ
วิทยาศาสตร์การแพทย์ และสุขภาพ
WJ140 จ344ร ฉ.6 
  Barcode: 033554
ห้องสมุดวิทยาเขตสวรรค์ประชารักษ์
►ส่วนจัดเก็บหนังสือเก่า สปร
บนชั้น
  ขอยืม
8. วิทยาศาสตร์การแพทย์ และสุขภาพ
วิทยาศาสตร์การแพทย์ และสุขภาพ
WJ140 จ344ร ฉ.7 
  Barcode: 033555
ห้องสมุดวิทยาเขตสวรรค์ประชารักษ์
►ส่วนจัดเก็บหนังสือเก่า สปร
บนชั้น
  ขอยืม
9. วิทยาศาสตร์การแพทย์ และสุขภาพ
วิทยาศาสตร์การแพทย์ และสุขภาพ
WJ140 จ344ร ฉ.8 
  Barcode: 033768
ห้องสมุดวิทยาเขตสวรรค์ประชารักษ์
►ส่วนจัดเก็บหนังสือเก่า สปร
บนชั้น
  ขอยืม
10. วิทยาศาสตร์การแพทย์ และสุขภาพ
วิทยาศาสตร์การแพทย์ และสุขภาพ
WJ140 จ344ร ฉ.9 
  Barcode: 033769
ห้องสมุดวิทยาเขตสวรรค์ประชารักษ์
►ส่วนจัดเก็บหนังสือเก่า สปร
บนชั้น
  ขอยืม

รายการใกล้เคียง
    ผู้แต่ง [จำนงค์ นพรัตน์]

    หัวเรื่อง [ระบบปัสสาวะและอวัยวะสืบพันธุ์]

BibComment


ยังไม่เคยถูกคอมเมนท์

คอมเมนท์ทรัพยากรรายการนี้
  คอมเมนท์: ระบบขับถ่ายปัสสา..


 Copyright 2026. Bcnsprnw @Library